Statistiken für Anerkannte Sprachen Österreichs

Klicken Sie hier um das Quiz zu spielen!

Allgemein

  • Dieses Quiz wurde 118 mal gespielt
  • Das Durchschnittsergebnis liegt bei 4 aus 7

Antwortstatistiken

SprecherSprache% Korrekt
~7.100.000Deutsch
100%
~41.000Ungarisch
70%
~25.000Slowenisch
68%
~18.000Tschechisch
65%
~10.000Slowakisch
53%
~19.000Burgenlandkroatisch
21%
~6.000Romani
17%

Verteilung der Resultate

Perzentil nach korrekt beantworteten Fragen

Anzahl Personen mit jedem Resultat

Ihre Resultats-Entwicklung

Sie haben dieses Quiz noch nicht gespielt